| 000 | 00471nam a2200157 4500 | ||
|---|---|---|---|
| 001 | 116166 | ||
| 003 | ES-MaACL | ||
| 005 | 20230906190641.0 | ||
| 007 | t| | ||
| 008 | 061121s1940 sp r ||||1| spa d | ||
| 100 | 0 |
_aParís Eguilaz, Higinio. _989148 |
|
| 245 | 1 | 0 |
_aPolítica de creación de trabajo / _cHiginio Paris Eguilaz. |
| 260 |
_aMadrid : _b[s.n.], _c1940 ( _fImp. de Minuesa de los Ríos) |
||
| 300 |
_a220 p. ; _c22 cm. |
||
| 852 |
_aES-MaACL _jA-5308 _bR.18516 |
||
| 999 |
_c116166 _d116166 |
||